عرض عادي
عرض مارك
- Katamba, Francis,
مدخل إسم شخص
001 - رقم الضبط
- حقل الضبط: 56642
003 - معرف رقم الضبط
- حقل الضبط: OSt
005 - تاريخ ووقت أخر عملية
- حقل الضبط: 20161123100000.0
008 - عناصر بيانات ثابتة الطول
- حقل تحكم ثابت الطول: 161123|| aca||aabn | a|a d
040 ## - مصدر الفهرسة
- هيئة الفهرسة الأصلية: OSt
- وكالة الكتابة: OSt
100 ## - مدخل -- أسم شخص
- إسم شخص: Katamba, Francis,
- تواريخ مرتبطة بالاسم: 1947-
670 ## - بيانات المصدر موجوده
- الاستشهاد بالمصدر: Work cat.: (OSt)0: Katamba, Francis, 1947-, An introduction to phonology /, 1989
